Current WWE Champions - Statistics

General Stats
  • This quiz has been taken 1,371 times
  • The average score is 3 of 7
Answer Stats
Hint Answer % Correct
WWE Champion CM Punk
85%
World Heavyweight Champion Sheamus
68%
Tag Team Champion Kofi Kingston
54%
Intercontinental Champion The Miz
40%
R Truth
36%
Diva Champion Layla
29%
United States Champion Antonio Cesaro
19%
No matching quizzes found
Score Distribution
Percent of People with Each Score
Percentile by Number Answered
Your Score History
You have not taken this quiz